|
|
|
|
| LEADER |
00000 a a2200000 04500 |
| 001 |
27551 |
| 003 |
|
| 040 |
|
|
|
| 020 |
|
|
|a 84---89312-27-3
|
| 090 |
|
|
|a 185600
|
| 100 |
|
|
|a García de Chu, Ines
|
| 110 |
|
|
|a Centro de Estudios y Promoción del Desarrollo
|
| 245 |
|
|
|a Sociedad y gobierno local: espacios de concertación y democracia /
|c Centro de Estudios y Promoción del Desarrollo
|
| 260 |
|
|
|a Lima:
|b DESCO
|
| 300 |
|
|
|a 365 p
|b **no definido**
|b fonodiscos
|
| 650 |
|
|
|a GOBIERNO LOCAL
|
| 650 |
|
|
|a AJUSTE ESTRUCTURAL
|
| 650 |
|
|
|a REFORMA ECONOMICA
|
| 650 |
|
|
|a DEMOCRATIZACION
|
| 650 |
|
|
|a DESARROLLO ECONOMICO Y SOCIAL
|
| 650 |
|
|
|a ORGANIZACIONES NO GUBERNAMENTALES
|
| 650 |
|
|
|a PLANES DE DESARROLLO
|
| 650 |
|
|
|a DESARROLLO URBANO
|
| 650 |
|
|
|a DESCENTRALIZACION
|
| 650 |
|
|
|a PLANIFICACION ESTRATEGICA
|
| 700 |
|
|
|a ed.
|a Piazza, María del Carmen
|a ed.
|
| 710 |
|
|
|a DESCO
|a Programa de Asesoría y Evaluación de Proyectos de Desarrollo
|a PAED
|
| 999 |
|
|
|c 14186
|d 14186
|